02164nam a2200325 a 450000100100000000500170001000800410002702000250006802000220009302000220011502000220013704000250015908200150018410000380019924501420023726000420037930000260042150000490044750501000049650503050059650503460090170000290124770000300127670000250130695201130133195201190144495201290156395201290169299900170182100003807420201002031153.0150602s2008 dr a 000 0 spa d z9789945171655 (v. 0) z9945426230 (v. 1) z9945426249 (v. 2) z9945426257 (v. 3) aDO-SdBNPbspacBNPHU axxxxbxxxx1 aAmiama Espaillat, Cristina92977510aPan y canela :bnivel inicial /cAmiama Espaillat, Katherine Zaiter, Rebeca González, Equipo de Ediciones SM ; ilustraciones Henry Cid. aSanto Domingo :bEdiciones SM,c2008. a4 v. :bil. ;c23 cm. aLibros para niños de 2 a 5 años de edad.0 av. 0 :tMi colegio --tMi persona --tMi familia --tLos alimentos /rEquipo de Ediciones SM --0 gv. 1 , v. 2 :tEl centro educativo. La casa --tMi persona --tLa experiencia familiar. La navidad --tSalud. Los alimentos --tEl barrio donde vivo --tLos animales salvajes --tNaturaleza y flores --tLos animales domésticos --tLas vacaciones /rCristina Amiama Espaillat --rKatherine Zaiter --0 gv. 3 :tEl centro educativo. Mi casa --tMi persona --tLa experiencia familiar --tLa navidad --tEl barrio donde vivo --tMi país --tEl carnaval --tLos alimentos y la salud --tLos animales --tLos transportes --tLos medios de comunicación --tLa naturaleza en el planeta tierra /rCristina Amiama Espaillat --rREbeca González --1 aZaiter, Katherine9644671 aGonzález, Rebeca9644681 aCid, Henryeil.9346 0010718PDaPDbPDcHDd2013-03-12iLF1l0oxxxx xxxxp38074-10r2020-06-25w2020-06-25yLFPDZNo se presta 0010728PDaPDbPDcOId2013-05-17iLF1l0oxxxx xxxxp38074-20r2020-06-25te. 2w2020-06-25yLFPDZNo se presta 0010547-18DSaPDbPDcOId2013-05-17iLF1l0oxxxx xxxxp38074-30r2020-06-25te. 3w2020-06-25yLFDSZPréstamo en sala 0010547-18DSaPDbPDcOId2013-05-17iLF1l0oxxxx xxxxp38074-40r2020-06-25te. 4w2020-06-25yLFDSZPréstamo en sala c37564d37564